Zrážky zo mzdy a ich poradie
Zrážky zo mzdy podľa Zákonníka práce. Zrážky zo mzdy pri výkone rozhodnotia. Obsah dohody o zrážkach.
Salvato in:
| Autore principale: | |
|---|---|
| Natura: | Capitolo di libro |
| Lingua: | slovacco |
| Soggetti: | |
| Tags: |
Nessun Tag, puoi essere il primo ad aggiungerne!!
|
MARC
| LEADER | 00000naa a2200000 4500 | ||
|---|---|---|---|
| 001 | 0240189 | ||
| 005 | 20180213092153.8 | ||
| 041 | 0 | |a slo | |
| 044 | |a SK | ||
| 245 | 1 | 0 | |a Zrážky zo mzdy a ich poradie |c Miroslav Tichý |
| 520 | |a Zrážky zo mzdy podľa Zákonníka práce. Zrážky zo mzdy pri výkone rozhodnotia. Obsah dohody o zrážkach. | ||
| 610 | 2 | 0 | |a zamestnávatelia |
| 610 | 2 | 0 | |a zrážky zo mzdy |
| 610 | 2 | 0 | |a zamestnanci |
| 610 | 2 | 0 | |a mzdy |
| 610 | 2 | 0 | |a zákonník práce |
| 100 | 1 | |a Tichý, Miroslav | |